000 00770nam a22002537a 4500
003 UA-OsUOA
001 52759
007 ta
008 20080303b un ||||| |||| 00| 0 ukr d
100 _aСтрєльніков Р. М.
700 _aСвірідова Т. В.
090 _a657.6(075.8)
_bС84
942 _cBK
040 _aUA-OsUOA
_bukr
_cUA-OsUOA
_dUA-OsUOA
245 _aКонтроль і ревізія
_bПрактикум
300 _a336 с.
955 _a2
041 _aukr
080 _a657.6(075.8)
020 _a978-966-364-502-5
260 _aК.
_bЦентр навчальної літератури
_c2007
650 7 _a657 Бухгалтерія. Бухгалтерський облік. Рахівництво
_2UDC
999 _c338849
_d338849